Phát triển kỹ năng quản lý

Gorde:
Xehetasun bibliografikoak
Egile nagusia: Bùi, Thị Minh Hằng
Formatua: Liburua
Hizkuntza:Undetermined
Argitaratua: Thành phố Hồ Chí Minh Đại học Quốc gia Thành phố Hồ Chí Minh 2005
Gaiak:
Etiketak: Etiketa erantsi
Etiketarik gabe, Izan zaitez lehena erregistro honi etiketa jartzen!
Thư viện lưu trữ: Trung tâm Học liệu Trường Đại học Cần Thơ
LEADER 00600nam a2200193Ia 4500
001 CTU_101548
008 210402s9999 xx 000 0 und d
020 |c 9000 
082 |a 658.4 
082 |b H106 
100 |a Bùi, Thị Minh Hằng 
245 0 |a Phát triển kỹ năng quản lý 
245 0 |c Bùi Thị Minh Hằng 
260 |a Thành phố Hồ Chí Minh 
260 |b Đại học Quốc gia Thành phố Hồ Chí Minh 
260 |c 2005 
650 |a Executive management 
904 |i Hiếu 
980 |a Trung tâm Học liệu Trường Đại học Cần Thơ